000 00609nam a2200241Ia 4500
003 OSt
005 20221006145535.0
006 a|||||r|||| 00| 0
007 ta
008 221006b |||||||| |||| 00| 0 eng d
020 _c787.00
024 _a15,212
037 _cTextual
040 _aEASL
_cEASL
_beng
041 _2eng
_aeng
082 _aP41,9, J2
100 _aFENN Henty C
_9654678
245 0 _aSketch of Chinese history
260 _aNew Havan
_b Yel University
_c1952
300 _a93p.
_ccm.
942 _hP41,9, J2
_cTEXL
_2CC
999 _c1083298
_d1083298